| 000 | 02535nam a2200349 i 4500 | ||
|---|---|---|---|
| 003 | DO-SdBNP | ||
| 005 | 20250528110027.0 | ||
| 007 | ta | ||
| 008 | 250528b2024 dr a|||| |||| 00| p spa d | ||
| 020 | _a9789945639438 | ||
| 040 |
_aDO-SdBNP _bspa _cBNPHU _erda |
||
| 041 | _aspa | ||
| 082 | 4 |
_aRD861.42 _bW373a 2024 _222 |
|
| 100 |
_aWeber, Delia, _d1900-1982 _4autor _924257 _eaut. |
||
| 245 | 1 | 0 |
_aAscuas vivas : _bpoemario / _cDelia Weber ; prólogo Miguel D. Mena ; dirección general por Nurys del Carmen González ; dirección editorial por Miguelina Crespo ; consultora editorial Emilia Pereyra ; línea gráfica Ana Zadya Gerardino ; diseño de interiores y portada Julissa Ivor Medina ; diagramación Daniel Bisonó ; corrección por Vivian Jiménez |
| 264 |
_aSanto Domingo : _bInstituto Superior de Formación Docente Salomé Ureña (ISFODOSU), _c2024. |
||
| 300 |
_a90 páginas : _bilustraciones ; _c23 cm. |
||
| 336 |
_atexto _btxt _2rdacontent |
||
| 337 |
_asin mediación _bn _2rdamedia |
||
| 338 |
_avolumen _bnc _2rdacarrier |
||
| 440 | _a | ||
| 490 | 0 | _aColección clásicos dominicanos | |
| 490 | 0 | _aSerie III. Poesía | |
| 500 | _aIncluye datos biográficos de la autora en la páginas 89-90 | ||
| 505 | _aPresentación 9 -- Prólogo 11 -- Poemas: Herencia 21 -- Sed 22 -- Deja el encanto abierto 23 -- Gardenia 24 -- Quiero 25 -- Luz nueva 26 -- Deseo ignoto 27 -- Unión 28 -- Gracias, Señor 29 -- Llegué cuando te ibas 30 -- Sé un rayo de luz 31 -- Reencarnación 32 -- Madrugada 33 -- Las hermanas 34 -- Mis espigas 37 -- Piedad 39 -- Quiere 40 -- Flores caídas 41 -- Mutismo 42 -- Llené mi barca 44 -- Calla 45 -- Cenizas 46 -- Tu ley 47 -- Despedida 48 -- Silencio 49 -- Lo eterno 50 -- Revelación 51 -- Ojos 52 -- Mi orgullo 53 -- Desde mi ventana 54 -- Liberación 55 -- Voz 56 -- Me voy aprisa 57 -- Ofrenda 58 -- Comentario 60 -- Fue como el mar 61 -- Nada 62 -- Dos almas 63 -- Voz errante 66 -- Dádiva 67 -- Olvídame 68 -- Deudor 69 -- Expresión 70 -- Desconocimiento 71 -- Vida 72 -- Mar adentro 73 -- Quiero besarte los ojos 74 -- A mi madre 76 -- Llueve 77 -- Voces 78 -- La cita 80 -- ¿Por qué…? 82 -- Sola 83 -- Fénix 84 -- Sonámbula 85 -- Son tuyos 86 -- En el umbral 87 -- Biografía de Delia Weber 89 | ||
| 590 | _aInventariado, 2025 /LP | ||
| 650 | 7 |
_2LEMB _aPoesía dominicana |
|
| 650 | 7 |
_2LEMB _aLiteratura dominicana |
|
| 700 | 1 |
_aMena Miguel de, _d1961- _eprologuista _4pr. _987894 |
|
| 910 | _aLP | ||
| 942 |
_2ddc _cLBS1 |
||
| 999 |
_c58518 _d58518 |
||